000 00228nam a22000857a 4500
008 170607b xxu||||| |||| 00| 0 eng d
100 _93314
_aPrabhakar. V
245 _aStory of Swarjaya
260 _aNew Delhi
_bNational Book Trust
_c2004
999 _c6633
_d6633